00295nam a2200121Ia 4500008004100000100002700041245003300068260003200101300000900133650001100142942000700153999001300160190216s9999||||xx |||||||||||||| ||und|| aAbdul Hasan Ali Nadiri 0aMukhiaraiun Min Adabil Arabi b"A Blackwell, Oxford"c1967 a160p aArabic cBK c101d101